| 000 | 03063cam a22004454i 4500 | ||
|---|---|---|---|
| 003 | PE-LiUPU | ||
| 005 | 20250731184104.0 | ||
| 008 | 150623s r 000 0 d | ||
| 020 | _a9684269781 | ||
| 035 | _a(Sirsi) i9789684269781 | ||
| 040 |
_aPE-LiUPU _bspa _cPE-LiUPU _erda |
||
| 049 | _aPRUA | ||
| 082 | 0 | 4 |
_a808.06615 _bA512m _223 |
| 100 | 1 |
_aAmerican Psychological Association (APA), _eautor. |
|
| 245 | 1 | 0 |
_aManual de estilo de publicaciones de la American Psychological Associatio / _cTrad. por Maricela Chávez M. [et al]; Adaptación gramatical Mayra Inzunza S. |
| 250 | _aSegunda edición | ||
| 264 | 1 |
_aMéxico : _bEditorial El Manual Moderno, _c2002. |
|
| 300 |
_a433 páginas : _bilustraciones, gráficos ; _c25 centímetros |
||
| 336 |
_atext _2rdacontent |
||
| 337 |
_aunmediated _2rdamedia |
||
| 338 |
_avolume _2rdacarrier |
||
| 500 | _a"Adaptado para el español por Editorial El Manual Moderno". | ||
| 505 | 0 | _aTablas, tablas modelo, figuras y figuras modelo XIII. -Presentación a la segunda edición en español XV. -Agradecimientos XVII.-Prólogo XIX. -Introducción XXIII. -Organización de la quinta edición en inglés XXIV. -Cambios específi¡cos de estilo dentro de la quinta edición en inglés XXVI Cómo utilizar el Manual de estilo de publicaciones XXVI. -Contenido y organización de un manuscrito. -Calidad del contenido. -Diseño e informe de la investigación. -Evaluación del contenido. -Características de los artículos. -Autoría. -Tipos de artículos.- Extensión, encabezados y tono. -Partes de un manuscrito 7. -1. 0 6 Portadilla 8 . -1.07 Resumen 9. -1. 0 8 Introducción 12.-1.0 9 Método 13.-Resultados 16,.-scusión 21.12 Experimentos múltiples 22 .-1.13 Referencias 22.-1.14 Apéndices 23.-1.15 .-Nota acerca del autor 23.-Calidad de la presentación 24.-2. Expresión de ideas y reducción de discriminaciones en el. -lenguaje 27.-Introducción 27.-Estilo de redacción 28.-2. 0 1 Presentación ordenada de las ideas 28 .-2. 0 2 Fluidez de la expresión 29.-2. 0 3 Economía de la expresión 32. -2. 0 4 Precisión y claridad 33. -2.05 Estrategias para mejorar el estilo 36.-gramática 37. -2.06 Verbos 37.-2. 0 7 Concordanc. | |
| 526 | _aP145 | ||
| 526 | _aP127 | ||
| 526 | _aP97 | ||
| 526 | _aP14 | ||
| 526 | _aP07 | ||
| 650 | 0 |
_aRedacción de escritos técnicos _vAPA _92238 |
|
| 650 | 0 |
_aArte de escribir _v-Manual APA _92239 |
|
| 650 | 0 |
_aPublicaciones técnicas _v - Manual APA _92240 |
|
| 650 | 0 |
_aInvestigaciones _v-Manual APA _92241 |
|
| 700 |
_aChávez, Mariela _cTraductor _92242 _eTraductor |
||
| 942 |
_2ddc _cBK _n0 |
||
| 949 |
_wDEWEY _c1 _i50830 _d2016-7-8 _e2016-7-8 _lCCODEBUL1 _mBUL _n3 _p43.00 _r0 _sY _tBOOK _u2015-6-24 _xEDUCACION _zUNKNOWN _0COMPRA _o.STAFF. Colección General |
||
| 949 |
_wDEWEY _c2 _i50829 _d2016-7-8 _e2016-7-8 _lCCODEBUL1 _mBUL _n1 _p43.00 _r0 _sY _tBOOK _u2015-6-24 _xEDUCACION _zUNKNOWN _0COMPRA _o.STAFF. Colección General |
||
| 980 |
_81 _gALBERTO SANCHEZ Responsable de Automatización |
||
| 999 |
_c34479 _d34479 |
||